| 000 | 00770 a2200193 4500 | ||
|---|---|---|---|
| 003 | Nust | ||
| 005 | 20170207153301.0 | ||
| 010 | _a 75041008 | ||
| 020 | _a0404146392 | ||
| 040 | _cNust | ||
| 082 | 0 | 0 | _a591.55 |
| 100 | 1 | _aAllee, W. C. | |
| 245 | 1 | 4 |
_aThe social life of animals / _cby W. C. Allee. |
| 260 |
_aNew York : _bAMS Press, _c1976. |
||
| 300 |
_a293 p., [5] leaves of plates : _bill. ; _c19 cm. |
||
| 505 | _aScience Versus Metaphysics (Page-1) History and Natural History (Page-6) Beginnings of Co-operation (Page-35) Aggregations of Higher Animals (Page-72) Group Behavior (Page-112) Group Organisation (Page-152) Some Human Implications (Page-185) Social Transitions (Page-218) | ||
| 538 | _aAlmirah No 18. Shelf No.6 | ||
| 650 | 0 | _aSocial behavior in animals. | |
| 942 |
_2ddc _cBK |
||
| 999 |
_c183271 _d183271 |
||